000 00587nam a2200229Ia 4500
003 OSt
005 20221005130249.0
006 a|||||r|||| 00| 0
007 ta
008 221004b |||||||| |||| 00| 0 kan d
024 _a59784
037 _cTextual
040 _aCRL
_cCRL
_bkan
041 _2kan
_akan
082 _aO33,1NKAIx, L4
100 _aKaikini Jayantha Au.
_9637826
245 0 _aRangadindondishtu doora
260 _c1974
650 _aKANNAD POETRY
942 _hO33,1NKAIx, L4
_cTEXL
_2cc
999 _c1056623
_d1056623